Ülkemizde laik eğitim sisteminde sosyal bilimler olarak din öğretimi kurultayı (Record no. 6449)

MARC details
000 -BAŞLIK
Sabit Uzunlukta Kontrol Alanı 00836na a2200229 4500
001 - KONTROL NUMARASI
Denetim Alanı 19485
003 - KONTROL NUMARASI IDENTIFIER
Denetim Alanı MIRAKIL
005 - SON İŞLEM TARİHİ VE ZAMANI
Denetim Alanı 20181213155108.0
008 - SABİT-BOY VERİ ELEMANLARI - GENEL BİLGİLER
Sabit Uzunlukta Kontrol Alanı 170102b tu 000 0
020 ## - ULUSLARARASI STANDART KİTAP NUMARASI
Uluslararası Standart Kitap Numarası 9758573055
040 ## - KATALOGLAMA KAYNAK
Orijinal Kataloglama Ajansı Milas
Kataloglama Dili tur
Metne Dönüştürmek Ajansı TR-AnCHP
041 ## - DİL KODU
Metin / Ses Parça Veya Ayrı Başlığın Dil Kodu tur
082 ## - DEWEY ONLU SINIFLANDIRMA NUMARASI
Sınıflandırma Numarası 377.1
Ürün Numarası Ü44 2005
090 ## - SINIFLAMA NUMARASI
Sınıflama Numarası 377.1 Ü44 2005
111 ## - ANA GİRİŞ - TOPLANTI ADI
Giriş Elemanı Olarak Toplantı Adı Veya Yargı Alanı Adı Ülkemizde Laik Eğitim Sisteminde Sosyal Bilimler Olarak Din Öğretimi Kurultayı
Toplantının Yeri Malatya
Toplantı Veya Antlaşma İmzalandığı Tarihi 2005
245 ## - BAŞLIK TABLOSU
Başlık Ülkemizde laik eğitim sisteminde sosyal bilimler olarak din öğretimi kurultayı
Başlığın Kalan bildiri ve tartışmalar
Sorumluluk Tablosu, Vb İnönü Üniversitesi
260 ## - YAYIN, DAĞITIM, VB
Yayın, Dağıtım, Vb Yeri Malatya
Yayıncı, Dağıtıcı, Vs Adı İnönü Üniversitesi
Yayın, Dağıtım, Vb Tarihi 2005
300 ## - FİZİKSEL TANIM
Kapsam 609 s.
Boyutlar 24 sm.
650 ## - KONU KATMA GİRİŞ - TOPİKAL DÖNEM
Topikal Süreli Veya Coğrafi Ad Giriş Elemanı Din ve devlet
Genel Alt Bölümü Toplantılar
-- Laiklik
Coğrafi Alt Bölümü Türkiye
650 ## - KONU KATMA GİRİŞ - TOPİKAL DÖNEM
Topikal Süreli Veya Coğrafi Ad Giriş Elemanı İslam dini
Genel Alt Bölümü Eğitim ve öğretim
-- Toplantılar
Coğrafi Alt Bölümü Türkiye
942 ## - EKLENDİ GİRİŞ ELEMANLARI (KOHA)
Sınıflandırma Veya Raf Düzeni Kaynak Dewey Decimal Classification
Koha Öğesi Türü Books
999 ## - SİSTEM KONTROL NUMARALARI (KOHA)
Koha Biblionumber 6449
Koha Biblioitemnumber 6449
Holdings
Kalıcı Konum Mevcut Konum Edinme Tarihi Edinim Kaynak Toplam Check-Out'Lar Tam Çağrı Numarası Barkod Tarih Son Görülme İtibaren Geçerli Fiyatlar Koha Öğesi Türü Kopya Sayısı
CHP Kütüphanesi CHP Kütüphanesi 12/15/2016 Bağış   377.1 Ü44 2005 010709 12/15/2016 12/15/2016 Books  
CHP Kütüphanesi CHP Kütüphanesi 12/20/2016 Bağış   377.1 Ü44 2005 010783 12/20/2016 12/20/2016 Books k.2